[Event "Gibraltar Masters 2019"]
[Site "Caleta ENG"]
[Date "2019.01.24"]
[Round "3.16"]
[White "Bulmaga,I"]
[Black "Papp,Ga"]
[Result "0-1"]
[WhiteElo "2407"]
[BlackElo "2603"]

1.e4 c5 2.Nf3 e6 3.d4 cxd4 4.Nxd4 Nf6 5.Nc3 d6 6.Be3 a6 7.f3 b5 8.Qd2 Nbd7
9.g4 h6 10.O-O-O b4 11.Na4 Ne5 12.f4 Nexg4 13.Bg2 Nxe3 14.Qxe3 Bb7 15.Rhg1 Nd7
16.e5 d5 17.f5 Be7 18.Kb1 Bg5 19.Qg3 Qe7 20.fxe6 fxe6 21.h4 Bxh4 22.Qg6+ Qf7
23.Qg4 Bf2 24.Rgf1 O-O 25.Rd2 Nxe5 26.Qxe6 Qxe6 27.Nxe6 Be3 28.Rxf8+ Rxf8
29.Re2 Rf2 30.Rxe3 Rxg2 31.b3 Ng4 32.Rf3 Rf2 33.Rxf2 Nxf2 34.Nd8 h5 35.Nxb7 h4
36.Nd6 h3 37.Nf5 Ne4  0-1

[Event "Gibraltar Masters 2019"]
[Site "Caleta ENG"]
[Date "2019.01.24"]
[Round "3.56"]
[White "Demuth,A"]
[Black "Belenkaya,D"]
[Result "1-0"]
[WhiteElo "2517"]
[BlackElo "2357"]

1.e4 c6 2.Nc3 d5 3.Nf3 dxe4 4.Nxe4 Nf6 5.Nxf6+ exf6 6.Bc4 Bd6 7.Qe2+ Be7
8.O-O O-O 9.d4 Bd6 10.Re1 Nd7 11.Nh4 Qc7 12.g3 c5 13.Nf5 Nb6 14.Nxd6 Qxd6
15.dxc5 Qxc5 16.Bd3 Be6 17.Be3 Qc6 18.Qh5 f5 19.Bd4 Rad8 20.c3 Rd5 21.Qg5 f6
22.Qf4 Qd7 23.Bf1 Bf7 24.Bg2 Ra5 25.b3 Nd5 26.Qf3 b5 27.Bc5 Rd8 28.b4 Ra6
29.Rad1 Re6 30.Rxe6 Bxe6 31.a4 g5 32.axb5 g4 33.Qd3 Nxc3 34.Qxd7 Rxd7 35.Rxd7 Bxd7
36.Bxa7 Bxb5 37.f3 Kf7 38.fxg4 fxg4 39.Kf2 Ke6 40.Ke3 Bd7 41.Kd3 Nb5 42.Bb8 Na3
43.Kd4 Nc2+ 44.Kc5 Ne3 45.Bb7 Nf1 46.b5 Bxb5 47.Kxb5 Nxh2 48.Kc4 Kf5 49.Kd3 Kg5
50.Ke2 h5 51.Kf2 f5 52.Kg2 h4 53.Kxh2 h3 54.Bc8 Kf6 55.Bd6 Kg5 56.Be7+ Kg6
57.Bd8 Kh5 58.Bxf5  1-0

[Event "Gibraltar Masters 2019"]
[Site "Caleta ENG"]
[Date "2019.01.24"]
[Round "3.7"]
[White "Saric,Iv"]
[Black "Lagno,Kateryna"]
[Result "1/2-1/2"]
[WhiteElo "2690"]
[BlackElo "2560"]

1.e4 e5 2.Nf3 Nc6 3.Bb5 a6 4.Ba4 Nf6 5.O-O b5 6.Bb3 Bc5 7.c3 d6 8.d4 Bb6
9.a4 Rb8 10.a5 Ba7 11.h3 Bb7 12.Be3 Nxe4 13.Re1 exd4 14.cxd4 d5 15.Nbd2 Ne7
16.Nxe4 dxe4 17.Ng5 Bd5 18.Bxd5 Qxd5 19.Nxe4 O-O 20.Qf3 f5 21.Nd2 f4 22.Bxf4 Qxd4
23.Qb3+ Qd5 24.Be3 c5 25.Rad1 c4 26.Qc3 Bxe3 27.Qxe3 Nf5 28.Qe4 Rbd8 29.Qxd5+ Rxd5
30.Nf3 Ne7 31.Rxd5 Nxd5 32.Re6 Rf6 33.Re8+ Rf8 34.Re6 Rf6 35.Re8+  1/2-1/2

[Event "Gibraltar Masters 2019"]
[Site "Caleta ENG"]
[Date "2019.01.24"]
[Round "3.14"]
[White "Jumabayev,R"]
[Black "Larino Nieto,D"]
[Result "1-0"]
[WhiteElo "2604"]
[BlackElo "2432"]

1.d4 Nf6 2.c4 e6 3.g3 c5 4.d5 exd5 5.cxd5 d6 6.Nc3 a6 7.a4 g6 8.Bg2 Bg7 9.Nf3 O-O
10.O-O Re8 11.Bf4 Nh5 12.Bg5 Bf6 13.Bd2 b6 14.Re1 Ra7 15.h3 Bg7 16.e4 Nd7
17.Bg5 Bf6 18.Bh6 Ne5 19.Nxe5 Bxe5 20.Qd2 Rb7 21.Kh2 b5 22.axb5 axb5 23.f4 Bh8
24.Bg5 f6 25.Bh6 b4 26.Nd1 f5 27.Bg5 Qd7 28.exf5 gxf5 29.Ne3 Nf6 30.Qd3 h6
31.Bh4 Qh7 32.Nc4 Rbe7 33.Red1 Rd7 34.Ra8 Ne4 35.Re1 Qg6 36.g4 Rg7 37.Re2 fxg4
38.Qxe4 Rxe4 39.Rxc8+ Kf7 40.Bxe4  1-0

[Event "Gibraltar Masters 2019"]
[Site "Caleta ENG"]
[Date "2019.01.24"]
[Round "3.13"]
[White "Khademalsharieh,S"]
[Black "Donchenko,Alexa"]
[Result "1-0"]
[WhiteElo "2468"]
[BlackElo "2604"]

1.d4 Nf6 2.c4 e6 3.Nf3 c5 4.d5 d6 5.Nc3 exd5 6.cxd5 g6 7.Nd2 Nbd7 8.e4 Bg7
9.Be2 O-O 10.O-O Re8 11.a4 Ne5 12.Qc2 a6 13.Ra3 Bg4 14.Bxg4 Nfxg4 15.h3 Nf6
16.a5 Qe7 17.Na4 Ned7 18.Nc3 Ne5 19.Na4 Ned7 20.Nc3 Rac8 21.Nc4 Ne5 22.Nb6 Rc7
23.Bg5 h6 24.Bh4 c4 25.Ra4 Ned7 26.Nxc4 Rec8 27.Nb6 Nxb6 28.axb6 Rc5 29.f4 Re8
30.e5 dxe5 31.fxe5 Qxe5 32.Bxf6 Bxf6 33.Qf2 Bg5 34.Re4 Be3 35.Qxe3 Rxc3 36.Qf2 Qxe4
37.Qxf7+ Kh8 38.bxc3 Re7 39.Qf8+ Kh7 40.Rf7+ Rxf7 41.Qxf7+ Kh8 42.d6 Qe1+
43.Qf1 Qxc3 44.Qf8+ Kh7 45.Qe7+ Kg8 46.Qd8+  1-0

[Event "Gibraltar Masters 2019"]
[Site "Caleta ENG"]
[Date "2019.01.24"]
[Round "3.12"]
[White "Iturrizaga,E"]
[Black "Harsha,B"]
[Result "1/2-1/2"]
[WhiteElo "2637"]
[BlackElo "2481"]

1.d4 d5 2.c4 c6 3.Nf3 Nf6 4.Nc3 e6 5.e3 a6 6.a4 c5 7.Bd3 dxc4 8.Bxc4 Nc6
9.O-O Be7 10.dxc5 Qxd1 11.Rxd1 Bxc5 12.Nd2 Ke7 13.Nb3 Bb4 14.f3 Bd7 15.e4 Rhc8
16.Na2 Ne5 17.Nxb4 Rxc4 18.Be3 Ke8 19.Nd3 Nxd3 20.Rxd3 Rxa4 21.Rxa4 Bxa4
22.Na5 Rd8 23.Rc3 b6 24.Bxb6 Rd1+ 25.Kf2 Rd2+ 26.Ke3 Rxb2 27.Rc8+ Ke7 28.Bc5+ Kd7
29.Rf8 Rb5 30.Rxf7+ Kc8 31.Nc4 Rxc5 32.Nb6+ Kd8 33.Nxa4 Rc4 34.Nb6 Rc7 35.Rf8+ Ne8
36.e5 Rc6 37.Na4 Rc4 38.Nb6 Rc6 39.Na4 Ke7 40.Rh8 h6 41.Kd3 Rc1 42.h4 Rd1+
43.Kc4 Re1  1/2-1/2

[Event "Gibraltar Masters 2019"]
[Site "Caleta ENG"]
[Date "2019.01.24"]
[Round "3.5"]
[White "Cheparinov,I"]
[Black "Ju Wenjun"]
[Result "1/2-1/2"]
[WhiteElo "2691"]
[BlackElo "2575"]

1.d4 Nf6 2.c4 e6 3.Nf3 d5 4.Nc3 Bb4 5.Qa4+ Nc6 6.e3 O-O 7.Qc2 Ne7 8.Bd2 b6
9.a3 Bxc3 10.Bxc3 Bb7 11.b3 Ne4 12.Bb2 c5 13.Bd3 cxd4 14.Nxd4 Ng6 15.cxd5 Qxd5
16.f3 Nc5 17.Bxg6 hxg6 18.b4 Nd7 19.e4 Qg5 20.O-O Rfc8 21.Qb3 Qe7 22.Rfd1 a6
23.a4 Rc7 24.Rd2 Rd8 25.Rad1 Rcc8 26.Nc2 Nb8 27.Bd4 b5 28.axb5 axb5 29.Qb2 Qg5
30.Be3 Rxd2 31.Rxd2 Qh4 32.Qe5 Rxc2 33.Qxb8+ Rc8 34.Qg3 Qxg3 35.hxg3 f6 36.Rd7 Bc6
37.Re7 e5 38.Bc5 g5 39.Kf2 Rd8 40.Rc7 Be8 41.Ke3 Bf7 42.Be7  1/2-1/2

[Event "Gibraltar Masters 2019"]
[Site "Caleta ENG"]
[Date "2019.01.24"]
[Round "3.10"]
[White "Melkumyan,H"]
[Black "Santos Ruiz,Miguel"]
[Result "1/2-1/2"]
[WhiteElo "2660"]
[BlackElo "2543"]

1.e4 e5 2.Nf3 Nc6 3.Bb5 a6 4.Ba4 Nf6 5.O-O Nxe4 6.d4 b5 7.Bb3 d5 8.Nxe5 Nxe5
9.dxe5 c6 10.Be3 Be7 11.c3 Bf5 12.Bc2 Qd7 13.Bxe4 dxe4 14.Qxd7+ Kxd7 15.Nd2 Ke6
16.Nb3 Kxe5 17.Bd4+ Kf4 18.f3 Kg5 19.fxe4 Bxe4 20.Bxg7 Rhe8 21.Nd4 Kg6 22.Be5 Bc5
23.Bg3 Bxd4+ 24.cxd4 Re6 25.Rae1 f6 26.Bh4 Rae8 27.Re3 a5 28.a3 Bd5 29.Rg3+ Kf7
30.h3 Rg8 31.Rxg8 Kxg8 32.Rf2 Kg7 33.Kh2 h5 34.Bg3 a4 35.Bc7 Kg6 36.Bd8  1/2-1/2

[Event "Gibraltar Masters 2019"]
[Site "Caleta ENG"]
[Date "2019.01.24"]
[Round "3.9"]
[White "Kadric,D"]
[Black "Sethuraman,S"]
[Result "1/2-1/2"]
[WhiteElo "2545"]
[BlackElo "2665"]

1.e4 c6 2.d4 d5 3.e5 c5 4.dxc5 e6 5.Nf3 Bxc5 6.Bd3 Ne7 7.O-O Ng6 8.Nbd2 Nc6
9.Nb3 Bb6 10.Qe2 O-O 11.Bg5 Qc7 12.Rae1 a5 13.Bxg6 fxg6 14.c3 a4 15.Nbd4 Bd7
16.Nb5 Qb8 17.c4 dxc4 18.Nd6 Bc5 19.Qxc4 Bxd6 20.exd6 Qxd6 21.Rd1 Qc7 22.Nd4 Qe5
23.Be3 Ne7 24.Nf3 Qb5 25.Qxb5 Bxb5 26.Rfe1 Nd5 27.Bd2 Bc4 28.b3 axb3 29.axb3 Bxb3
30.Rb1 Ba4 31.Rxb7 Bc6 32.Rb2 Nf4 33.Bxf4 Rxf4 34.Rxe6 Bxf3 35.gxf3 Rxf3
36.Re7 Rf7 37.Rxf7 Kxf7 38.Rb7+ Kf6 39.Rb6+ Kf7 40.Rb7+ Kg8 41.Rb6 g5 42.Kg2 h6
43.Rc6 Kh7 44.Rc7 Kg6 45.Rc6+ Kh7 46.Rc7 Rf8 47.Ra7 Kg6 48.Ra6+ Kh5 49.Ra7 Kg6
50.Ra6+ Rf6 51.Ra7 g4 52.Ra4 Kg5 53.Ra7 g6 54.Ra5+ Rf5 55.Ra3 h5 56.Rb3 Ra5
57.f3 Ra2+ 58.Kg1 Ra4 59.fxg4 Rxg4+ 60.Kf2 Kh4 61.Ra3 Rb4 62.Kg2 Rb2+ 63.Kg1 g5
64.Ra4+ Kh3 65.Ra3+ Kg4 66.Ra4+ Kh3 67.Ra3+  1/2-1/2

[Event "Gibraltar Masters 2019"]
[Site "Caleta ENG"]
[Date "2019.01.24"]
[Round "3.8"]
[White "Lalith,B"]
[Black "Grandelius,N"]
[Result "1/2-1/2"]
[WhiteElo "2547"]
[BlackElo "2682"]

1.c4 e5 2.Nc3 Bb4 3.Nd5 a5 4.Nf3 d6 5.g3 c6 6.Ne3 Nf6 7.Bg2 O-O 8.O-O Re8
9.d4 exd4 10.Nxd4 Nbd7 11.Nec2 Bc5 12.Nb3 Ba7 13.Qxd6 a4 14.Nbd4 Ne5 15.Qxd8 Rxd8
16.Nf3 Nxc4 17.b3 Bf5 18.bxc4 Bxc2 19.Ba3 Re8 20.e3 Bd3 21.Rfc1 Rad8 22.c5 Bb8
23.Bf1 Be4 24.Nd4 Be5 25.Rc4 Bxd4 26.exd4 Bd5 27.Rb4 Ne4 28.Bc1 Nc3 29.Be3 a3
30.Rxb7 Rb8 31.Ra7 Ra8 32.Rxa8 Rxa8 33.Bd2 Ne4 34.Be3 Nc3 35.Bd2 Ne4 36.Be3  1/2-1/2

[Event "Gibraltar Masters 2019"]
[Site "Caleta ENG"]
[Date "2019.01.24"]
[Round "3.6"]
[White "Vazquez Igarza,R"]
[Black "Jones,G"]
[Result "1/2-1/2"]
[WhiteElo "2567"]
[BlackElo "2691"]

1.d4 Nf6 2.Nf3 g6 3.c4 Bg7 4.g3 c6 5.Bg2 d5 6.cxd5 cxd5 7.O-O O-O 8.Ne5 Ng4
9.Nf3 Nf6 10.Nc3 Bf5 11.Qb3 Qb6 12.Qxb6 axb6 13.Bf4 Nc6 14.Rfd1 h6 15.h3 g5
16.Bc7 Rfc8 17.Bxb6 Nd7 18.Bc5 Nxc5 19.dxc5 e6 20.Nd2 Bxc3 21.bxc3 Ra4 22.Re1 Na5
23.Nb3 Nxb3 24.axb3 Rxa1 25.Rxa1 Rxc5 26.Rc1 b5 27.b4 Rc7 28.g4 Bg6 29.e3 Bd3
30.Bf1 Bxf1 31.Kxf1 Ra7 32.Ke2 Ra2+ 33.Kd3 Rxf2 34.Kd4 Rf3 35.Kc5 Rxh3 36.Kxb5 Rxe3
37.Kc6 Re4 38.b5 Rc4+ 39.Kd7 d4 40.b6 dxc3 41.b7 Rb4 42.Kc7 Rc4+ 43.Kd7 Rb4
44.Kc7 Rc4+  1/2-1/2

[Event "Gibraltar Masters 2019"]
[Site "Caleta ENG"]
[Date "2019.01.24"]
[Round "3.120"]
[White "Giulian,R"]
[Black "Giulian,P"]
[Result "1/2-1/2"]
[WhiteElo "1908"]
[BlackElo "2165"]

1.e4 c6 2.d4 d5 3.e5 Bf5 4.Nd2 e6 5.Nb3 Nd7 6.Nf3 h6 7.Be2 Ne7 8.O-O g5 9.Ne1 Qc7
10.a4 a5 11.Be3 Bg7 12.c3 O-O 13.f4 gxf4 14.Bxf4 Ng6 15.Bg3 c5 16.Kh1 Qb6
17.Bb5 Nb8 18.Nxc5 Nxe5 19.Qe2 Nec6 20.Bd3 Bxd3 21.Ncxd3 Nd7 22.Nf4 Nf6 23.Bh4 Ne4
24.Nh5 f5 25.Nxg7 Kxg7 26.Nd3 Qc7 27.Nf4 Qf7 28.Bf2 Kh7 29.Be3 Ne7 30.Rf3 Ng8
31.Rff1 Ngf6 32.Nd3 Ng4 33.Bf4 Rg8 34.Ne5 Nxe5 35.Bxe5 Rg6 36.Qh5 Qe7 37.Bf4 Rag8
38.g3 Qg7 39.Be5 Qf8 40.Bf4 Rg4 41.Rf3 R8g6 42.Qh3 Qd8 43.Qf1 h5 44.Qb5 Qe7
45.Qxa5 h4 46.Qc7 Qxc7 47.Bxc7  1/2-1/2

[Event "Gibraltar Masters 2019"]
[Site "Caleta ENG"]
[Date "2019.01.24"]
[Round "3.119"]
[White "Pakosta,M"]
[Black "Francois-Haugrin,Said"]
[Result "1-0"]
[WhiteElo "2166"]
[BlackElo "1825"]

1.e4 c5 2.c3 d5 3.exd5 Qxd5 4.d4 Nf6 5.Nf3 e6 6.Bd3 Be7 7.O-O O-O 8.Re1 Nc6
9.h3 h6 10.Be3 cxd4 11.Nxd4 Ne5 12.Be2 Nc4 13.Bf4 Nxb2 14.Qb3 e5 15.Bxe5 Qxe5
16.Nd2 Qa5 17.Qxb2 Nd5 18.Bf3 Ba3 19.Qb3 Qxc3 20.Bxd5 Qxd4 21.Nf3 Qb4 22.Bxf7+ Kh8
23.Qd5 Qc5 24.Nh4 Bf5 25.Rad1 Qxd5 26.Bxd5 Bc2 27.Rd2 Bb4 28.Rxc2 Bxe1 29.Ng6+ Kh7
30.Nxf8+ Rxf8 31.Bxb7 Rf7 32.Be4+ g6 33.Kf1 Ba5 34.Rc6 Rg7 35.g4 Bd8 36.Kg2 Bh4
37.f4 Kg8 38.Bxg6 Re7 39.Bd3 Rb7 40.Be4 Rb6 41.Rc8+  1-0

[Event "Gibraltar Masters 2019"]
[Site "Caleta ENG"]
[Date "2019.01.25"]
[Round "4.89"]
[White "Lane,G"]
[Black "Bopp,T"]
[Result "0-1"]
[WhiteElo "2358"]
[BlackElo "2171"]

1.e4 c6 2.d4 d5 3.Nd2 dxe4 4.Nxe4 Nf6 5.Nxf6+ exf6 6.c3 Bd6 7.Bd3 O-O 8.Qc2 h6
9.Ne2 Re8 10.O-O Qc7 11.Ng3 c5 12.d5 c4 13.Qa4 Nd7 14.Qxc4 Qb8 15.Qh4 Ne5
16.Bf5 b5 17.Be3 Bf8 18.Rad1 Bxf5 19.Nxf5 Qc8 20.Qh3 g6 21.Nxh6+ Kg7 22.Qg3 Bd6
23.f4 Nc4 24.Bd4 Bc5 25.Ng4 Bxd4+ 26.Rxd4 Nd6 27.Qh4 Qf5 28.Qh6+ Kg8 29.Qh3 Kg7
30.Qh6+ Kg8 31.Qh4 Kg7 32.h3 Re2 33.b3 Ne4 34.Nh6 Qd7 35.f5 g5 36.Qg4 Nxc3
37.h4 Qe7 38.Rd3 Re4 39.d6 Qe5 40.Qh5 Ne2+ 41.Kf2 Qc5+ 42.Kf3 Rf4+ 43.Kxe2 Qc2+  0-1

[Event "Gibraltar Masters 2019"]
[Site "Caleta ENG"]
[Date "2019.01.25"]
[Round "4.26"]
[White "Lemos,D"]
[Black "Akobian,V"]
[Result "1-0"]
[WhiteElo "2474"]
[BlackElo "2643"]

1.d4 Nf6 2.Nf3 e6 3.e3 c5 4.Bd3 d5 5.b3 cxd4 6.exd4 Bb4+ 7.c3 Bd6 8.O-O Nc6
9.Re1 b6 10.Ne5 Bb7 11.Bf4 O-O 12.Nd2 Rc8 13.Re3 Be7 14.Rg3 g6 15.Bh6 Nxe5
16.dxe5 Ne4 17.Bxe4 dxe4 18.Bxf8 Bxf8 19.Nc4 Qc7 20.a4 Rd8 21.Qe2 Bg7 22.Rd1 Rxd1+
23.Qxd1 Bd5 24.Qd4 Bxc4 25.Qxc4 Qxe5 26.Re3 f5 27.Re1 h5 28.Rd1 e3 29.f4 e2
30.Re1 Qe3+ 31.Kh1 Kh7 32.Qxe2 Qxf4 33.Qxe6 Bxc3 34.Qe7+ Kh6 35.Qe3 Qxe3
36.Rxe3 Bb4 37.g3 Kg5 38.Re6 h4 39.gxh4+ Kxh4 40.Rxg6 Bc5 41.Kg2 a5 42.Kf3  1-0

[Event "Gibraltar Masters 2019"]
[Site "Caleta ENG"]
[Date "2019.01.25"]
[Round "4.27"]
[White "Alekseenko,K"]
[Black "Pogonina,N"]
[Result "1-0"]
[WhiteElo "2637"]
[BlackElo "2465"]

1.e4 e5 2.Nf3 Nc6 3.Bb5 a6 4.Ba4 Nf6 5.O-O b5 6.Bb3 Bb7 7.Re1 Bc5 8.c3 d6
9.d4 Bb6 10.a4 O-O 11.Bg5 h6 12.Bh4 Re8 13.d5 Nb8 14.Bxf6 Qxf6 15.axb5 axb5
16.Rxa8 Bxa8 17.Na3 Nd7 18.Nxb5 Nf8 19.Na3 Rb8 20.Nc4 Bc5 21.Ba4 Ng6 22.b4 Ba7
23.Bc6 Bxc6 24.dxc6 Nf4 25.Ne3 Bxe3 26.fxe3 Ne6 27.Rf1 Qd8 28.Qd2 Rb6 29.Qd5 Qa8
30.Nd2 Qa4 31.Nc4 Rb8 32.Rc1 Qa2 33.Qd3 Qa6 34.h4 Qxc6 35.Ra1 Ra8 36.Na5 Qb6
37.Kf2 h5 38.Qd5 Rf8 39.Nc6 g6 40.Ke2 Re8 41.c4 Kf8 42.Ra7 Kg7 43.g3 Rc8
44.Kd3 Re8 45.Qb5 Qxb5 46.cxb5 Kf6 47.Kc4 Rg8 48.b6 cxb6 49.Ne7 Rb8 50.Kd5 g5
51.Nf5 gxh4 52.gxh4 b5 53.Nxd6 Nd8 54.Rd7 Kg6 55.Kxe5 Nc6+ 56.Kf4 Nxb4 57.Nf5 Re8
58.Rd4 Na6 59.Rd6+ Re6 60.Rd5 Nb4 61.Rd8 Kh7 62.Nd4 Nd3+ 63.Kf5 Rb6 64.e5 b4
65.Rd6 Rb7 66.Nb3 Nf2 67.e4 Ng4 68.Kf4 Kg7 69.Rd5 Rb6 70.Rd7 Re6 71.Rd5 Rg6
72.Rb5 Nh6 73.Kf3 Rg4 74.e6 fxe6 75.Rxh5 Rg1 76.Nd4 Rf1+ 77.Kg2 Rf6 78.Rb5 Kf7
79.Rxb4 Rf4 80.Nf3 Kg6 81.Kg3 Rg4+ 82.Kf2 Nf7 83.Ke3 Kf6 84.Rb8 Rg7 85.Kf4 e5+
86.Nxe5 Nxe5 87.Rb6+ Ke7 88.Kxe5 Rg4 89.Rh6 Kf7 90.Rf6+ Ke7 91.Rh6 Kf7 92.Rh5 Rg1
93.Kd6 Re1 94.Rf5+ Ke8 95.Re5+ Kf8 96.Kd7 Ra1 97.Ke6 Kg7 98.Rd5 Ra4 99.Kf5 Ra1
100.e5 Rh1 101.Rd7+ Kf8 102.Kf6 Rf1+ 103.Ke6 Ra1 104.Rd8+ Kg7 105.Ke7 Ra7+
106.Rd7 Ra8 107.e6 Kg6 108.h5+ Kg7 109.Rd6 Rb8 110.h6+ Kh7 111.Kf7  1-0

[Event "Gibraltar Masters 2019"]
[Site "Caleta ENG"]
[Date "2019.01.25"]
[Round "4.28"]
[White "Indjic,A"]
[Black "Prithu,Gupta"]
[Result "1-0"]
[WhiteElo "2630"]
[BlackElo "2462"]

1.d4 d5 2.Bf4 c5 3.e3 cxd4 4.exd4 Nc6 5.c3 Bf5 6.Nf3 e6 7.Qb3 Qd7 8.Nbd2 Bd6
9.Bxd6 Qxd6 10.Be2 Nge7 11.Nh4 O-O 12.O-O Rab8 13.Nxf5 Nxf5 14.Nf3 b5 15.a3 a5
16.Bxb5 Na7 17.a4 Qc7 18.Ne5 Nd6 19.Nd3 Naxb5 20.axb5 Rxb5 21.Qc2 Rfb8 22.Rfb1 Qb6
23.g3 Nc4 24.Ra2 Rb3 25.Nc5 Ra3 26.b3 Rxa2 27.Qxa2 Qb5 28.Ra1 Ne5 29.Qxa5 Nf3+
30.Kh1 Qe2 31.Qa8 Rf8 32.Nd7 Qf1+ 33.Rxf1 Rxa8 34.Nc5 Ra2 35.Kg2 Nd2 36.Re1 Ra3
37.Re2 Nb1 38.Rc2 Kf8 39.Kh3 Ke7 40.Kg4 Ra7 41.Kf4 Kd6 42.Rc1 Na3 43.Ra1 e5+
44.Kf3 Kc6 45.Ke2 exd4 46.cxd4 Re7+ 47.Kd3 Ra7 48.g4 h6 49.h4 Ra8 50.h5 Ra7
51.f4 Kd6 52.g5 Ke7 53.Re1+ Kd6 54.Re8 Nb5 55.f5  1-0

[Event "Gibraltar Masters 2019"]
[Site "Caleta ENG"]
[Date "2019.01.25"]
[Round "4.29"]
[White "Abel,D"]
[Black "Moussard,J"]
[Result "0-1"]
[WhiteElo "2458"]
[BlackElo "2605"]

1.d4 d6 2.Nf3 Nf6 3.c4 g6 4.Nc3 Bf5 5.h3 Ne4 6.Nxe4 Bxe4 7.Ng5 Bf5 8.e4 Bd7
9.Be3 Bg7 10.Qd2 e5 11.Nf3 exd4 12.Bxd4 O-O 13.Bxg7 Kxg7 14.O-O-O Qf6 15.h4 h6
16.Nd4 Nc6 17.Nb5 Rac8 18.Nc3 Kh7 19.Nd5 Qg7 20.f4 f5 21.Bd3 fxe4 22.Bxe4 Bf5
23.Qd3 Rce8 24.Bxf5 gxf5 25.g4 Qxg4 26.Rdg1 Qh5 27.Qc3 Qf7 28.Rh2 Re4 29.Rd2 Nd8
30.Rdg2 Ne6 31.Kb1 c6 32.Ne3 Qf6 33.Qa3 Nxf4 34.Rg7+ Qxg7 35.Rxg7+ Kxg7 36.Qxd6 Ne6
37.Qd7+ Kg8 38.Qd2 Ng7 39.a3 Rxh4 40.Ka2 f4 41.Nd1 f3 42.Qe3 Rh2 43.Nf2 h5
44.Qxa7 Rxf2 45.Qxf2 h4 46.c5 h3  0-1

[Event "Gibraltar Masters 2019"]
[Site "Caleta ENG"]
[Date "2019.01.25"]
[Round "4.30"]
[White "Donchenko,Alexa"]
[Black "Lei Tingjie"]
[Result "0-1"]
[WhiteElo "2604"]
[BlackElo "2447"]

1.d4 Nf6 2.c4 e6 3.g3 d5 4.Bg2 Be7 5.Nf3 O-O 6.O-O dxc4 7.Ne5 Nc6 8.Bxc6 bxc6
9.Nxc6 Qe8 10.Nxe7+ Qxe7 11.Na3 Rd8 12.Qc2 Ba6 13.Nxc4 c5 14.dxc5 Qxc5 15.b3 Bxc4
16.Bb2 Rac8 17.Rac1 Qb4 18.Bxf6 Ba6 19.Bc3 Qb5 20.Rfe1 Bb7 21.Qb2 Qd5 22.f3 Qc5+
23.Kg2 Qe3 24.Ba5 Re8 25.Bd2 Qb6 26.Rc3 Rxc3 27.Bxc3 f6 28.Bd4 Qa6 29.Be3 e5
30.Rd1 Qc6 31.Qa3 a6 32.Qb4 h5 33.Kf2 e4 34.f4 Bc8 35.Qa5 Bg4 36.h3 Bxh3
37.Qxh5 Qe6 38.Rd6 Qxd6 39.Qxe8+ Qf8 40.Qxe4 Qc8 41.a4 Bd7 42.Qd3 Qc6 43.f5 Qc8
44.g4 Qb7 45.Bc5 Bc6 46.Qd8+ Kh7 47.g5 Qxb3 48.g6+ Kh6 49.Be3+ Kh5 50.Qd6 Qxa4
51.Bd4 Kg5 52.Qc5 Qb5 53.Be3+ Kg4 54.Qd4+ Kxf5 55.Qh4 Kxg6 56.Qg3+ Kf7 57.Qc7+ Bd7
58.Bd2 Qd5 59.Bc3 Qf5+ 60.Ke1 Qe6 61.Bb4 g5 62.Qc2 f5 63.Qc7 Kg6 64.Kf2 Bb5
65.e3 Qa2+ 66.Kg3 Qe2 67.Bc5 Qe1+ 68.Kh2 Qf2+ 69.Kh1 Qf3+ 70.Kg1 Bc6 71.Qd6+ Kh5
72.Qd2 Qg3+  0-1

[Event "Gibraltar Masters 2019"]
[Site "Caleta ENG"]
[Date "2019.01.25"]
[Round "4.31"]
[White "Antipov,M2"]
[Black "Raja,Rithvik R"]
[Result "1-0"]
[WhiteElo "2589"]
[BlackElo "2431"]

1.Nf3 d5 2.g3 Bg4 3.Bg2 c6 4.h3 Bh5 5.O-O e6 6.d3 Nd7 7.e4 Bd6 8.exd5 cxd5
9.c4 Ngf6 10.Nc3 O-O 11.cxd5 exd5 12.d4 Re8 13.Qb3 Nb6 14.a4 a5 15.Bg5 Be7
16.Ne5 Ne4 17.Be3 Nxc3 18.bxc3 f6 19.Rfb1 Ra6 20.Bf1 fxe5 21.Bxa6 bxa6 22.Qxb6 Qc8
23.Kh2 e4 24.Qb7 Qe6 25.Rb6 Qf7 26.Rxa6 Bf3 27.Rxa5  1-0

[Event "Gibraltar Masters 2019"]
[Site "Caleta ENG"]
[Date "2019.01.25"]
[Round "4.32"]
[White "Barski,R"]
[Black "Cornette,M"]
[Result "1/2-1/2"]
[WhiteElo "2458"]
[BlackElo "2587"]

1.e4 c5 2.Nf3 e6 3.d4 cxd4 4.Nxd4 Nf6 5.Nc3 Nc6 6.g3 Bb4 7.Bg2 O-O 8.O-O d6
9.Nde2 h6 10.h3 a6 11.Be3 Qc7 12.Qd2 Rd8 13.Rfd1 b5 14.a3 Ba5 15.Bxh6 gxh6
16.e5 Ne8 17.exd6 Rxd6 18.Qxh6 Bb7 19.Qg5+ Kf8 20.Qh6+ Kg8 21.Qg5+ Kf8 22.Qh6+  1/2-1/2

[Event "Gibraltar Masters 2019"]
[Site "Caleta ENG"]
[Date "2019.01.25"]
[Round "4.33"]
[White "Mikhalevski,V"]
[Black "Solozhenkin,E"]
[Result "1/2-1/2"]
[WhiteElo "2581"]
[BlackElo "2427"]

1.d4 Nf6 2.c4 e6 3.Nf3 d5 4.g3 dxc4 5.Bg2 a6 6.O-O Nc6 7.e3 Rb8 8.Nfd2 e5
9.Bxc6+ bxc6 10.dxe5 Ng4 11.Nxc4 Be6 12.Nbd2 h5 13.f3 Rb4 14.fxg4 Bxc4 15.Nxc4 Qxd1
16.Rxd1 Rxc4 17.Bd2 Rxg4 18.Rac1 Rh6 19.Ba5 Be7 20.Bxc7 h4 21.Kf2 hxg3+ 22.hxg3 Rb4
23.b3 Rh2+ 24.Kf3 g5 25.Rd4 Rxd4 26.exd4 Kd7 27.Bb6 Rxa2 28.Kg4 Ra3 29.Rc3 Ra2
30.Rc1 Rb2 31.Rc3 Rb1 32.Kf5 Rf1+ 33.Ke4 f5+ 34.exf6 Rxf6 35.Bc5 Bd8 36.d5 cxd5+
37.Kxd5 g4 38.Re3 Rf5+ 39.Kc4 Bc7 40.b4 Rf1 41.Ra3 Rf6 42.Bd4 Rc6+ 43.Kd5 Re6
44.Rd3 Re2 45.Ra3 Re6 46.Rc3 Rd6+ 47.Ke4 Rc6 48.Bc5 Rf6 49.Ra3 Kc8 50.Bd4 Rc6
51.Bc5 Rf6 52.Bd4 Rc6 53.Bc5  1/2-1/2

[Event "Gibraltar Masters 2019"]
[Site "Caleta ENG"]
[Date "2019.01.25"]
[Round "4.34"]
[White "Haldorsen,Benjamin"]
[Black "Yuffa,D"]
[Result "0-1"]
[WhiteElo "2454"]
[BlackElo "2578"]

1.e4 c5 2.Nf3 d6 3.Nc3 a6 4.g3 Bg4 5.Bg2 Nc6 6.h3 Bxf3 7.Qxf3 g6 8.O-O Bg7
9.Qd1 Nf6 10.d3 O-O 11.Bg5 Nd7 12.Qd2 Rc8 13.h4 b5 14.Rab1 Qa5 15.a3 e6 16.Bh6 Bxh6
17.Qxh6 Nd4 18.Qd2 c4 19.f4 cxd3 20.Qxd3 Rc4 21.Kh1 Nc5 22.Qd2 Na4 23.f5 Nxc3
24.f6 Kh8 25.h5 Rg8 26.Rbe1 Nxc2 27.Qxc2 Nxe4 28.Qd3 Qxe1  0-1

[Event "Gibraltar Masters 2019"]
[Site "Caleta ENG"]
[Date "2019.01.25"]
[Round "4.35"]
[White "Cornette,Deimante"]
[Black "Karthikeyan,M2"]
[Result "0-1"]
[WhiteElo "2448"]
[BlackElo "2570"]

1.e4 c5 2.Nf3 e6 3.d4 cxd4 4.Nxd4 a6 5.c4 Nf6 6.Nc3 Qc7 7.Be2 Bb4 8.O-O O-O
9.Bg5 Be7 10.Qd2 d6 11.Rac1 Nbd7 12.Rfd1 b6 13.f3 Bb7 14.Bf1 Rac8 15.Be3 Qb8
16.Qf2 Rfe8 17.Kh1 h5 18.Qd2 h4 19.h3 Nh5 20.Nce2 Ne5 21.b3 Ng6 22.Kg1 Bf8
23.Nc3 d5 24.cxd5 exd5 25.Nxd5 Rxc1 26.Rxc1 Bxd5 27.exd5 Bd6 28.Nf5 Bh2+
29.Kf2 Qe5 30.Bd3 Ng3 31.Bd4 Qxd5 32.Be4 Rxe4 33.Rc8+ Kh7 34.Rh8+ Nxh8  0-1

[Event "Gibraltar Masters 2019"]
[Site "Caleta ENG"]
[Date "2019.01.25"]
[Round "4.36"]
[White "Muzychuk,A"]
[Black "Kozak,Adam"]
[Result "1/2-1/2"]
[WhiteElo "2569"]
[BlackElo "2425"]

1.e4 e5 2.Nf3 Nc6 3.Bc4 Bc5 4.c3 Nf6 5.d3 a6 6.a4 d6 7.O-O Ba7 8.Na3 h6 9.Nc2 O-O
10.Be3 Be6 11.Bxe6 fxe6 12.Bxa7 Rxa7 13.b4 Qe8 14.g3 Ne7 15.Ne3 Qh5 16.Kg2 Ng6
17.Nd2 Qg5 18.Kh1 Raa8 19.Qe2 Rf7 20.Rg1 Raf8 21.Raf1 Nh7 22.d4 h5 23.d5 exd5
24.Nxd5 Qh6 25.h4 Nf6 26.Ne3 Ne7 27.f3 Qg6 28.Rg2 Kh8 29.Qc4 Qh6 30.Qe2 Nh7
31.b5 axb5 32.axb5 b6 33.c4 Rg8 34.Nd5 Nxd5 35.cxd5 g5 36.Qe3 Qf6 37.hxg5 Rxg5
38.f4 exf4 39.Rxf4 Qa1+ 40.Rg1 Qg7 41.Nf3 Rg4 42.e5  1/2-1/2

[Event "Gibraltar Masters 2019"]
[Site "Caleta ENG"]
[Date "2019.01.25"]
[Round "4.37"]
[White "Larino Nieto,D"]
[Black "Moroni,L"]
[Result "1/2-1/2"]
[WhiteElo "2432"]
[BlackElo "2562"]

1.Nf3 d5 2.b3 Nf6 3.Bb2 e6 4.g3 b6 5.Bg2 Bb7 6.O-O Nbd7 7.c4 Be7 8.cxd5 exd5
9.Nd4 g6 10.b4 c5 11.bxc5 bxc5 12.Nf3 O-O 13.d4 c4 14.Nc3 Rb8 15.Qc2 Bc6
16.Ne5 Nxe5 17.dxe5 Ng4 18.h3 Nxe5 19.Nxd5 Bxd5 20.Bxe5 Bxg2 21.Rfd1 Qc8
22.Kxg2 Rb5 23.Bd4 Qc6+ 24.f3 a6 25.Rac1 Rc8 26.Qc3 Bb4 27.Qe3 Rd5 28.Qe4 Ba3
29.Bc3 Rxd1 30.Qxc6 Rxc6 31.Rxd1 Kf8 32.Rd5 Ke7 33.f4 Rc5 34.Rxc5 Bxc5 35.e4 Ke6
36.Kf3 f5 37.g4 Bb6 38.exf5+ gxf5 39.g5 Kf7 40.Be1 Kg6 41.Ke2 Kh5 42.Bg3 Bd4
43.Kd2 h6 44.gxh6 Kxh6 45.Bh4 Kh5 46.Bd8 Bf2 47.Kc3 Bh4 48.Bc7 Bg3 49.Kxc4 Kh4
50.Kc5 Kxh3 51.Kb6 Kg4 52.Kxa6 Bxf4 53.Bxf4 Kxf4 54.a4 Kg3 55.a5 f4 56.Kb6 f3
57.a6 f2 58.a7 f1=Q 59.a8=Q  1/2-1/2

[Event "Gibraltar Masters 2019"]
[Site "Caleta ENG"]
[Date "2019.01.25"]
[Round "4.38"]
[White "Ernst,S"]
[Black "Szczepkowska Horowska,K"]
[Result "1-0"]
[WhiteElo "2540"]
[BlackElo "2426"]

1.d4 Nf6 2.Bg5 Ne4 3.Bh4 c5 4.f3 g5 5.fxe4 gxh4 6.e3 Qb6 7.Nc3 e6 8.Nf3 Be7
9.Qd2 d6 10.O-O-O Bd7 11.d5 Na6 12.e5 O-O-O 13.e4 f6 14.exd6 Qxd6 15.Bc4 exd5
16.Nxd5 Nc7 17.Nxh4 Nxd5 18.Bxd5 Bg4 19.Rdf1 Kb8 20.h3 Be6 21.Nf5 Bxf5 22.Rxf5 Rhg8
23.Rhf1 Qh2 24.R5f2 Rg5 25.Qe2 a6 26.g4 Qc7 27.Rf3 Re5 28.c4 Rd6 29.Rb3 Rb6
30.Rff3 Rxb3 31.Rxb3 b6 32.Qd2 Rg5 33.a4 Bd6 34.Kb1 Qd8 35.a5 Bc7 36.axb6 Bxb6
37.Qa5 Ka7 38.Qa4 Qc8 39.Rf3 Rg6 40.e5 fxe5 41.Rf8 Bd8 42.Qe8 Rd6 43.Rf7+ Kb6
44.Rb7+  1-0